{"text_format":"3","workbook":"xlsx","n_sheets":1,"sheets":["t640"],"read":"whole","date_system":"1900"}

{"sheet":"t640","index":0,"n_rows":165,"n_cols":7,"rows_kept":165,"merged":[[0,0,0,6],[30,0,30,5],[46,0,46,5],[142,0,142,5]]}
["TABELA 640.1 - Estatísticas Agrícolas, Município de Gavião Peixoto, Estado de São Paulo, 2007/08."]
["ITEM","UNIDADE","N.DE UPAs","MÍNIMO","MÉDIO","MÁXIMO","TOTAL"]
["Distância à sede do município","km",158,0.1,24.5,{"v":50,"d":"50.0"},"-"]
["Área total","hectare",158,2.4,{"v":108.06,"d":"108.1"},{"v":1770.4,"d":"1,770.4"},{"v":17073.1,"d":"17,073.1"}]
["Área com cultura perene","hectare",80,0.1,{"v":77.14,"d":"77.1"},{"v":1378,"d":"1,378.0"},{"v":6171.4,"d":"6,171.4"}]
["Área com cultura temporária","hectare",104,0.2,{"v":63.15,"d":"63.2"},{"v":1129,"d":"1,129.0"},{"v":6568.1,"d":"6,568.1"}]
["Área com pastagem","hectare",103,0.4,{"v":18.94,"d":"18.9"},201.2,{"v":1950.8,"d":"1,950.8"}]
["Área com reflorestamento","hectare",6,0.1,{"v":47.25,"d":"47.3"},{"v":207,"d":"207.0"},283.5]
["Área com vegetação natural","hectare",63,0.2,{"v":16.14,"d":"16.1"},290.8,{"v":1016.7,"d":"1,016.7"}]
["Área com vegetação de brejo e várzea","hectare","-","-","-","-",{"v":0,"d":"0.0"}]
["Área em descanso","hectare",15,0.8,{"v":5.22,"d":"5.2"},{"v":15,"d":"15.0"},78.3]
["Área complementar","hectare",130,0.1,{"v":7.73,"d":"7.7"},346.5,{"v":1004.3,"d":"1,004.3"}]
["Área das UPAs com (0, 1] ha","hectare","-","-","-","-","-"]
["Área das UPAs com (1, 2] ha","hectare","-","-","-","-","-"]
["Área das UPAs com (2, 5] ha","hectare",9,2.4,{"v":3.37,"d":"3.4"},4.8,30.3]
["Área das UPAs com (5, 10] ha","hectare",23,{"v":6,"d":"6.0"},{"v":8.01,"d":"8.0"},9.7,184.2]
["Área das UPAs com (10, 20] ha","hectare",25,10.4,{"v":14.39,"d":"14.4"},19.4,359.8]
["Área das UPAs com (20, 50] ha","hectare",50,21.7,{"v":32.28,"d":"32.3"},49.6,{"v":1614.1,"d":"1,614.1"}]
["Área das UPAs com (50, 100] ha","hectare",24,53.2,{"v":73.02,"d":"73.0"},{"v":97,"d":"97.0"},{"v":1752.5,"d":"1,752.5"}]
["Área das UPAs com (100, 200] ha","hectare",12,102.1,{"v":145.21,"d":"145.2"},177.1,{"v":1742.5,"d":"1,742.5"}]
["Área das UPAs com (200, 500] ha","hectare",8,211.3,{"v":328.98,"d":"329.0"},456.4,{"v":2631.8,"d":"2,631.8"}]
["Área das UPAs com (500, 1.000] ha","hectare",2,575.9,785.3,994.7,{"v":1570.6,"d":"1,570.6"}]
["Área das UPAs com (1.000, 2.000] ha","hectare",5,{"v":1062.5,"d":"1,062.5"},{"v":1437.46,"d":"1,437.5"},{"v":1770.4,"d":"1,770.4"},{"v":7187.3,"d":"7,187.3"}]
["Área das UPAs com (2.000, 5.000] ha","hectare","-","-","-","-","-"]
["Área das UPAs com (5.000, 10.000] ha","hectare","-","-","-","-","-"]
["Área das UPAs acima de 10.000 ha","hectare","-","-","-","-","-"]
["Familiares do proprietário que trabalham na UPA","unidade",110,{"v":1,"d":"1.0"},{"v":1.75,"d":"1.8"},{"v":6,"d":"6.0"},{"v":193,"d":"193.0"}]
["Trabalhadores permanentes","unidade",52,{"v":1,"d":"1.0"},{"v":8.04,"d":"8.0"},{"v":150,"d":"150.0"},{"v":418,"d":"418.0"}]
["Fonte: Secretaria de Agricultura e Abastecimento, CDRS/IEA, Projeto LUPA."]
[]
["TABELA 640.2 - Explorações Animais, Município de Gavião Peixoto, Estado de São Paulo, 2007/08."]
["ITEM","UNIDADE","N.DE UPAs","MÍNIMO","MÉDIO","MÁXIMO","TOTAL"]
["Apicultura","colmeias",1,{"v":150,"d":"150.0"},{"v":150,"d":"150.0"},{"v":150,"d":"150.0"},{"v":150,"d":"150.0"}]
["Asininos E Muares","cabeças",6,{"v":1,"d":"1.0"},{"v":1.33,"d":"1.3"},{"v":2,"d":"2.0"},{"v":8,"d":"8.0"}]
["Avicultura de Corte","cabeças/ano",13,{"v":15,"d":"15.0"},{"v":46200.38,"d":"46,200.4"},{"v":300000,"d":"300,000.0"},{"v":600605,"d":"600,605.0"}]
["Avicultura para Ovos","cabeças",5,{"v":20,"d":"20.0"},{"v":90,"d":"90.0"},{"v":200,"d":"200.0"},{"v":450,"d":"450.0"}]
["Bovinocultura de Corte","cabeças",14,{"v":8,"d":"8.0"},{"v":66.36,"d":"66.4"},{"v":300,"d":"300.0"},{"v":929,"d":"929.0"}]
["Bovinocultura Leiteira","cabeças",3,{"v":2,"d":"2.0"},{"v":13.33,"d":"13.3"},{"v":30,"d":"30.0"},{"v":40,"d":"40.0"}]
["Bovinocultura Mista","cabeças",60,{"v":3,"d":"3.0"},{"v":32.85,"d":"32.9"},{"v":280,"d":"280.0"},{"v":1971,"d":"1,971.0"}]
["Equinocultura","cabeças",41,{"v":1,"d":"1.0"},{"v":5.44,"d":"5.4"},{"v":100,"d":"100.0"},{"v":223,"d":"223.0"}]
["Minhocultura","canteiros",1,{"v":1,"d":"1.0"},{"v":1,"d":"1.0"},{"v":1,"d":"1.0"},{"v":1,"d":"1.0"}]
["Outra Exploração Animal","cabeças",6,{"v":20,"d":"20.0"},{"v":60.33,"d":"60.3"},{"v":150,"d":"150.0"},{"v":362,"d":"362.0"}]
["Ovinocultura","cabeças",1,{"v":26,"d":"26.0"},{"v":26,"d":"26.0"},{"v":26,"d":"26.0"},{"v":26,"d":"26.0"}]
["Suinocultura","cabeças",16,{"v":2,"d":"2.0"},{"v":15.44,"d":"15.4"},{"v":50,"d":"50.0"},{"v":247,"d":"247.0"}]
["Fonte: Secretaria de Agricultura e Abastecimento, CDRS/IEA, Projeto LUPA."]
[]
["TABELA 640.3 -  Máquinas, Implementos e Benfeitorias, Município de Gavião Peixoto, Estado de São Paulo, 2007/08."]
["ITEM","UNIDADE","N.DE UPAs","MÍNIMO","MÉDIO","MÁXIMO","TOTAL"]
["Arado Comum (Bacia, Aiveca)","Unidade",41,{"v":1,"d":"1.0"},{"v":1.63,"d":"1.6"},{"v":10,"d":"10.0"},{"v":67,"d":"67.0"}]
["Arado Escarificador","Unidade",19,{"v":1,"d":"1.0"},{"v":1.21,"d":"1.2"},{"v":2,"d":"2.0"},{"v":23,"d":"23.0"}]
["Arado Subsolador","Unidade",2,{"v":1,"d":"1.0"},1.5,{"v":2,"d":"2.0"},{"v":3,"d":"3.0"}]
["Batedeira de Cereais","Unidade",1,{"v":1,"d":"1.0"},{"v":1,"d":"1.0"},{"v":1,"d":"1.0"},{"v":1,"d":"1.0"}]
["Colhedeira Acoplada","Unidade",1,{"v":1,"d":"1.0"},{"v":1,"d":"1.0"},{"v":1,"d":"1.0"},{"v":1,"d":"1.0"}]
["Colhedeira Automotriz","Unidade",1,{"v":1,"d":"1.0"},{"v":1,"d":"1.0"},{"v":1,"d":"1.0"},{"v":1,"d":"1.0"}]
["Conj.Irrigação Convencional","Unidade",3,{"v":1,"d":"1.0"},{"v":1.33,"d":"1.3"},{"v":2,"d":"2.0"},{"v":4,"d":"4.0"}]
["Conj.Irrigação Pivot Central","Unidade",1,{"v":1,"d":"1.0"},{"v":1,"d":"1.0"},{"v":1,"d":"1.0"},{"v":1,"d":"1.0"}]
["Conj.Irrigação/Gotejamento/Microaspersão","Unidade",2,{"v":1,"d":"1.0"},{"v":1,"d":"1.0"},{"v":1,"d":"1.0"},{"v":2,"d":"2.0"}]
["Desintegrador, Picador, Triturador","Unidade",44,{"v":1,"d":"1.0"},{"v":1.11,"d":"1.1"},{"v":2,"d":"2.0"},{"v":49,"d":"49.0"}]
["Distribuidor de Calcário","Unidade",10,{"v":1,"d":"1.0"},1.1,{"v":2,"d":"2.0"},{"v":11,"d":"11.0"}]
["Ensiladeira","Unidade",1,{"v":1,"d":"1.0"},{"v":1,"d":"1.0"},{"v":1,"d":"1.0"},{"v":1,"d":"1.0"}]
["Grade Aradora (Tipo Romi)","Unidade",4,{"v":1,"d":"1.0"},{"v":1.25,"d":"1.3"},{"v":2,"d":"2.0"},{"v":5,"d":"5.0"}]
["Grade Niveladora","Unidade",36,{"v":1,"d":"1.0"},{"v":1.44,"d":"1.4"},{"v":3,"d":"3.0"},{"v":52,"d":"52.0"}]
["Implementos para Tração Animal","Unidade",4,{"v":1,"d":"1.0"},3.5,{"v":8,"d":"8.0"},{"v":14,"d":"14.0"}]
["Microtrator","Unidade",1,{"v":1,"d":"1.0"},{"v":1,"d":"1.0"},{"v":1,"d":"1.0"},{"v":1,"d":"1.0"}]
["Misturador de Ração","Unidade",1,{"v":1,"d":"1.0"},{"v":1,"d":"1.0"},{"v":1,"d":"1.0"},{"v":1,"d":"1.0"}]
["Pulverizador Tratorizado","Unidade",49,{"v":1,"d":"1.0"},{"v":2.14,"d":"2.1"},{"v":16,"d":"16.0"},{"v":105,"d":"105.0"}]
["Semeadeira/Adubadeira para Plantio Convencional","Unidade",11,{"v":1,"d":"1.0"},{"v":1.27,"d":"1.3"},{"v":3,"d":"3.0"},{"v":14,"d":"14.0"}]
["Semeadeira/Plantadeira Plantio Direto","Unidade",6,{"v":1,"d":"1.0"},{"v":1.33,"d":"1.3"},{"v":3,"d":"3.0"},{"v":8,"d":"8.0"}]
["Terraceador","Unidade",2,{"v":1,"d":"1.0"},{"v":1,"d":"1.0"},{"v":1,"d":"1.0"},{"v":2,"d":"2.0"}]
["Trator de Pneus","Unidade",81,{"v":1,"d":"1.0"},{"v":2.46,"d":"2.5"},{"v":32,"d":"32.0"},{"v":199,"d":"199.0"}]
["Açude/Represa","Unidade",40,{"v":1,"d":"1.0"},{"v":1.75,"d":"1.8"},{"v":9,"d":"9.0"},{"v":70,"d":"70.0"}]
["Almoxarifado/Oficina","Unidade",9,{"v":1,"d":"1.0"},{"v":1,"d":"1.0"},{"v":1,"d":"1.0"},{"v":9,"d":"9.0"}]
["Armazém para Grãos Ensacados","Sacas",1,{"v":2,"d":"2.0"},{"v":2,"d":"2.0"},{"v":2,"d":"2.0"},{"v":2,"d":"2.0"}]
["Balança para Veículos","Unidade",2,{"v":1,"d":"1.0"},{"v":1,"d":"1.0"},{"v":1,"d":"1.0"},{"v":2,"d":"2.0"}]
["Barracão para Granja/Avicultura","Unidade",4,{"v":1,"d":"1.0"},{"v":2,"d":"2.0"},{"v":4,"d":"4.0"},{"v":8,"d":"8.0"}]
["Barracão/Galpão/Garagem","Unidade",61,{"v":1,"d":"1.0"},{"v":1.44,"d":"1.4"},{"v":4,"d":"4.0"},{"v":88,"d":"88.0"}]
["Biodigestor","Unidade",1,{"v":1,"d":"1.0"},{"v":1,"d":"1.0"},{"v":1,"d":"1.0"},{"v":1,"d":"1.0"}]
["Casa de Moradia Habitada","Unidade",81,{"v":1,"d":"1.0"},{"v":3.04,"d":"3.0"},{"v":40,"d":"40.0"},{"v":246,"d":"246.0"}]
["Casa de Moradia Total","Unidade",99,{"v":1,"d":"1.0"},{"v":3.17,"d":"3.2"},{"v":40,"d":"40.0"},{"v":314,"d":"314.0"}]
["Curral/Mangueira","Unidade",59,{"v":1,"d":"1.0"},{"v":1.02,"d":"1.0"},{"v":2,"d":"2.0"},{"v":60,"d":"60.0"}]
["Depósito/Tulha","Unidade",44,{"v":1,"d":"1.0"},{"v":1.27,"d":"1.3"},{"v":4,"d":"4.0"},{"v":56,"d":"56.0"}]
["Estábulo","Unidade",15,{"v":1,"d":"1.0"},{"v":1.07,"d":"1.1"},{"v":2,"d":"2.0"},{"v":16,"d":"16.0"}]
["Estufa/Plasticultura","m²",3,{"v":15,"d":"15.0"},{"v":213,"d":"213.0"},{"v":324,"d":"324.0"},{"v":639,"d":"639.0"}]
["Fábrica de Ração","Unidade",2,{"v":1,"d":"1.0"},{"v":1,"d":"1.0"},{"v":1,"d":"1.0"},{"v":2,"d":"2.0"}]
["Instalações para Equinos","Unidade",3,{"v":1,"d":"1.0"},{"v":1.67,"d":"1.7"},{"v":3,"d":"3.0"},{"v":5,"d":"5.0"}]
["Máquina de Benefício","Unidade",2,{"v":1,"d":"1.0"},1.5,{"v":2,"d":"2.0"},{"v":3,"d":"3.0"}]
["Packing House","Unidade",2,{"v":1,"d":"1.0"},{"v":1,"d":"1.0"},{"v":1,"d":"1.0"},{"v":2,"d":"2.0"}]
["Pocilga","Unidade",23,{"v":1,"d":"1.0"},{"v":1,"d":"1.0"},{"v":1,"d":"1.0"},{"v":23,"d":"23.0"}]
["Poço Semi-Artesiano","Unidade",6,{"v":1,"d":"1.0"},{"v":1,"d":"1.0"},{"v":1,"d":"1.0"},{"v":6,"d":"6.0"}]
["Silo para Silagem","t",1,{"v":1,"d":"1.0"},{"v":1,"d":"1.0"},{"v":1,"d":"1.0"},{"v":1,"d":"1.0"}]
["Terreiro","m²",16,{"v":12,"d":"12.0"},{"v":685.13,"d":"685.1"},{"v":2500,"d":"2,500.0"},{"v":10962,"d":"10,962.0"}]
["Fonte: Secretaria de Agricultura e Abastecimento, CDRS/IEA, Projeto LUPA."]
[]
["TABELA 640.4 - Outras Estatísticas Agrícolas, Município de Gavião Peixoto, Estado de São Paulo, 2007/08."]
["ITEM","Número de UPAs",null,"Percentual"]
["Faz Parte de Associação de Produtores",56,null,{"v":35.44303797468354,"d":"35.4"}]
["Faz Parte de Cooperativa de Produtores",76,null,{"v":48.10126582278481,"d":"48.1"}]
["Faz Parte do Sindicato de Produtores",34,null,{"v":21.51898734177215,"d":"21.5"}]
["Não utiliza assistência técnica ",52,null,{"v":32.91139240506329,"d":"32.9"}]
["Utiliza somente assistência técnica governamental ",13,null,{"v":8.227848101265822,"d":"8.2"}]
["Utiliza somente assistência técnica privada ",83,null,{"v":52.53164556962025,"d":"52.5"}]
["Utiliza assistência técnica tanto governamental quanto privada",10,null,{"v":6.329113924050633,"d":"6.3"}]
["Utiliza Crédito Rural",31,null,{"v":19.620253164556964,"d":"19.6"}]
["Utiliza Seguro Rural","-",null,"-"]
["Utiliza Escrituração Agrícola",70,null,{"v":44.303797468354425,"d":"44.3"}]
["Acessa Internet p/ Fins na Agropecuária",2,null,{"v":1.2658227848101267,"d":"1.3"}]
["Utiliza Computador nas Atividades Agropecuárias",17,null,{"v":10.759493670886075,"d":"10.8"}]
["Utiliza Energia Elétrica Para Uso na Atividade Agrícola",91,null,{"v":57.59493670886076,"d":"57.6"}]
["Realiza Análise de Solo, quando necessário",4,null,{"v":2.5316455696202533,"d":"2.5"}]
["Utiliza Práticas de Conservação de Solo, quando necessário",108,null,{"v":68.35443037974683,"d":"68.4"}]
["Faz Adubação Mineral, quando necessário",69,null,{"v":43.67088607594937,"d":"43.7"}]
["Faz Adubação Orgânica, quando necessário",34,null,{"v":21.51898734177215,"d":"21.5"}]
["Faz Adubação Verde, quando necessário",4,null,{"v":2.5316455696202533,"d":"2.5"}]
["Utiliza Manejo Integrado de Pragas (MIP)","-",null,"-"]
["Utiliza Hidroponia","-",null,"-"]
["Utiliza Plasticultura",2,null,{"v":1.2658227848101267,"d":"1.3"}]
["Utiliza Mudas Fiscalizadas",32,null,{"v":20.253164556962023,"d":"20.3"}]
["Utiliza Semente Melhorada",47,null,{"v":29.746835443037977,"d":"29.7"}]
["Faz Confinamento de Bovinos","-",null,"-"]
["Utiliza Pastejo Intensivo",33,null,{"v":20.886075949367086,"d":"20.9"}]
["Faz Inseminação Artificial","-",null,"-"]
["Faz Mineralização do Rebanho",62,null,{"v":39.24050632911393,"d":"39.2"}]
["Faz Vermifugação do Rebanho",64,null,{"v":40.506329113924046,"d":"40.5"}]
["Possui Parceiros /Arrendatários na Exploração Animal",14,null,{"v":8.860759493670885,"d":"8.9"}]
["Esporte e lazer",3,null,{"v":1.89873417721519,"d":"1.9"}]
["Extração mineral","-",null,"-"]
["Hotel Fazenda, Pousada ou SPA","-",null,"-"]
["Pesque-pague","-",null,"-"]
["Restaurante ou Lanchonete","-",null,"-"]
["Transformação artesanal","-",null,"-"]
["Turismo rural ou ecoturismo","-",null,"-"]
["Outras atividades econômicas rurais","-",null,"-"]
["Agroindústria","-",null,"-"]
["Proprietário sem instrução ou com instrução incompleta",18,null,{"v":11.39240506329114,"d":"11.4"}]
["Proprietário com antigo primário completo",74,null,{"v":46.835443037974684,"d":"46.8"}]
["Proprietário com 1° grau (ou antigo ginasial) completo",13,null,{"v":8.227848101265822,"d":"8.2"}]
["Proprietário com 2° grau (ou antigo colegial) completo",21,null,{"v":13.291139240506329,"d":"13.3"}]
["Proprietário com curso superior completo ",26,null,{"v":16.455696202531644,"d":"16.5"}]
["Pessoa Jurídica",6,null,{"v":3.79746835443038,"d":"3.8"}]
["Proprietário residente na própria UPA ",28,null,{"v":17.72151898734177,"d":"17.7"}]
["Fonte: Secretaria de Agricultura e Abastecimento, CDRS/IEA, Projeto LUPA."]
[]
["TABELA 640.5 - Área Cultivada, Município de Gavião Peixoto, Estado de São Paulo, 2007/08."]
["CULTURA","N.DE UPAs","MÍNIMO","MÉDIO","MÁXIMO","TOTAL"]
["Cana-de-acucar",90,0.1,70.8,{"v":1129,"d":"1,129.0"},{"v":6371.7,"d":"6,371.7"}]
["Laranja",74,0.2,{"v":82.81,"d":"82.8"},{"v":1378,"d":"1,378.0"},{"v":6127.6,"d":"6,127.6"}]
["Braquiaria",92,0.6,{"v":19.49,"d":"19.5"},201.2,{"v":1793.2,"d":"1,793.2"}]
["Eucalipto",6,0.1,{"v":47.25,"d":"47.3"},{"v":207,"d":"207.0"},283.5]
["Milho",19,1.2,{"v":9.34,"d":"9.3"},{"v":29,"d":"29.0"},177.4]
["Gramas",11,0.4,{"v":9.49,"d":"9.5"},28.2,104.4]
["Outras gramineas para pastagem",3,6.9,{"v":17.47,"d":"17.5"},26.1,52.4]
["Algodao",3,{"v":2,"d":"2.0"},{"v":5.53,"d":"5.5"},7.3,16.6]
["Cafe",7,0.2,{"v":2.27,"d":"2.3"},6.5,15.9]
["Limao",1,10.6,10.6,10.6,10.6]
["Manga",2,0.2,3.7,7.2,7.4]
["Uva rustica",1,4.5,4.5,4.5,4.5]
["Tangerina",4,0.1,0.7,1.8,2.8]
["Pomar domestico",2,0.1,{"v":1.05,"d":"1.1"},{"v":2,"d":"2.0"},2.1]
["Arroz",1,1.2,1.2,1.2,1.2]
["Maracuja",1,{"v":1,"d":"1.0"},{"v":1,"d":"1.0"},{"v":1,"d":"1.0"},{"v":1,"d":"1.0"}]
["Capim-napier (ou capim-elefante)",1,0.8,0.8,0.8,0.8]
["Coco-da-baia",1,0.3,0.3,0.3,0.3]
["Abacate",1,0.2,0.2,0.2,0.2]
["Outras culturas temporárias",1,0.2,0.2,0.2,0.2]
["Fonte: Secretaria de Agricultura e Abastecimento, CDRS/IEA, Projeto LUPA."]